あまいもの - Statistics

General Stats
  • This quiz has been taken 198 times
  • The average score is 3 of 10
Answer Stats
Hint Answer % Correct
あんこを水で伸ばしたもの。漢字では汁粉。 おしるこ
93%
静岡県伊豆市と賀茂郡河津町の境にある峠。古来あった峠ではなく、1904年に完成したトンネルによってできた峠で、『〇〇越え』という石川さゆりの曲もある。 天城
69%
大判焼き、今川焼き、回転焼きなどのネット上での呼び名。 ベイクドモチョチョ
44%
日本の政治家で衆議院議員。安倍内閣で経済再生担当大臣、岸田内閣で自由民主党幹事長を務めた。 甘利明
29%
島根県隠岐諸島にある町。中ノ島を主島とし、中心となる港町は中里や菱浦。 海士町
24%
中華人民共和国福建省南部に位置する地級市。経済特区の1つであり、副省級市に指定されている。 廈門
5%
海上自衛隊のミサイル護衛艦。1963年に進水し1995年に除籍された。 あまつかぜ
2%
大阪府高槻市にある弥生時代の環壕集落の遺跡。京都大学大学院農学研究科附属農場の建設工事の際に発見された。 安満遺跡
1%
ナイジェリアのデルタ州の集落。郵便番号(ZIPコード)は322109。 Amai
1%
フランスの人口823人の町。首長はナタリー・ブレシア。 Amailloux
0%
No matching quizzes found
Score Distribution
Percent of People with Each Score
Percentile by Number Answered
Your Score History
You have not taken this quiz